1960's Hits - Statistics

General Stats
  • This quiz has been taken 72 times
  • The average score is 7 of 15
Answer Stats
Hint Answer % Correct
Paint It Black Rolling Stones
95%
It's Not Unusual Tom Jones
82%
Hello Goodbye Beatles
68%
Wild Thing Troggs
68%
Only The Lonely Roy Orbison
67%
Bus Stop Hollies
60%
Walk On By Dionne Warwick
50%
Georgy Girl Seekers
47%
I Know A Place Petula Clark
38%
Step Inside Love Cilla Black
27%
Silence Is Golden Tremeloes
27%
Monsieur Dupont Sandie Shaw
13%
The Price Of Love Everly Brothers
8%
As Long As He Needs Me Shirley Bassey
8%
Don't Forget To Remember Bee Gees
3%
No matching quizzes found
Score Distribution
Percent of People with Each Score
Percentile by Number Answered
Your Score History
You have not taken this quiz